Gidravličeskije mašiny i cholodil´nyje ustanovki /

Uložené v:
Podrobná bibliografia
Hlavný autor: Kalinuškin, Michail Pavlovič (Author)
Médium: Kniha
Jazyk:Russian
Vydané: Moskva : Gosstrojizdat, 1957.
Vydanie:1. izd.
ISBN: (viaz.)
Fyzický popis: 220 s. : il.
Tagy: Pridať tag
Žiadne tagy, Buďte prvý kto otaguje tento záznam!

MARC

LEADER 00000nam a22000001 4500
001 000214921
005 20100630161134.0
008 001015s1957 ru rus d
020 |a (viaz.)  |c Kčs 6,05 
040 |a SVKKK  |b slo  |c SVKKK  |e AACR2 
041 0 |a rus 
044 |a ru  |c RU 
100 1 |a Kalinuškin, Michail Pavlovič  |4 aut 
245 1 0 |a Gidravličeskije mašiny i cholodil´nyje ustanovki /  |c Michail Pavlovič Kalinuškin. 
250 |a 1. izd. 
260 |a Moskva :  |b Gosstrojizdat,  |c 1957. 
300 |a 220 s. :  |b il. 
500 |a Súpis 10 prameňov rus. literatúry 
910 |a svkkk 
998 |a BK 
090 |g SCKHL  |k Sklad Pribinova 2. posch.  |a III.76047  |j 165952  |i 214921-10  |4 Zastaraná  |s Vyradená